| 000 | 01194nam a2200217Ia 4500 | ||
|---|---|---|---|
| 003 | Ost | ||
| 005 | 20260507075735.0 | ||
| 008 | 260507s9999||||xx |||||||||||||| ||und|| | ||
| 040 | _cfsecg | ||
| 041 | _aara | ||
| 082 | _a658.001 | ||
| 100 |
_aشريف، علي _eمؤلف |
||
| 245 | 0 |
_aأساسيات : _bتنظيم وإدارة الأعمال / _c علي شريف |
|
| 260 |
_aالاسكندرية: _bالدار الجامعية, _c2004 |
||
| 300 |
_a453 صفحة؛ _bإيضاحات ؛ _c24 سم |
||
| 504 | _aببلوغرافيا: ص.451 | ||
| 520 | _aعلم الإدارة والأعمال،الإدارة والمديرون-مفاهيم أساسية،تطور نظرية الإدارة،البيئة التنظيمية-التخطيط وصنع القرارات،تحديد الأهداف،تكوين الخطط،التخطيط الاستراتيجي،اتخاذ القرارات،التنظيم والإطار الفكري للتنظيم،علاقات السلطة،الهيكل التنظيمي،التفويض واللامركزية،طبيعة الرقابة | ||
| 653 | _aإدارة الأعمال | ||
| 700 |
_aالكردي، منال _eمؤلف ثانوي |
||
| 942 | _cكتاب | ||
| 999 |
_c46084 _d46084 |
||